Made in Mexico : Hollywood South of the Border /

Na minha lista:
Detalhes bibliográficos
Autor principal: Reyes, Luis I. (autor)
Outros Autores: Thompson, Frank (edición) (edición), Pippins, Jan (edición) (edición), Rivero, Jorge (prólogo) (prólogo)
Formato: Livro
Idioma:inglês
Publicado em: Milwaukee, EUA : Applause Theatre and Cinema Books, 2018, c2018
Assuntos:
Tags: Adicionar Tag
Sem tags, seja o primeiro a adicionar uma tag!

MARC

LEADER 00000nam^a2200000^a^4500
001 000420234
005 20250521000000.0
009 20260310122505.942
020 |a 978-1-4950-9789-8 
037 |a Acervo ITESO - Biblioteca 
041 |a ING 
082 |a 302. 2350973  |b REY 
100 |a Reyes, Luis I.  |e (autor) 
245 1 0 |a Made in Mexico :  |b Hollywood South of the Border /  |c L.I. Reyes ; ed. de F. Thompson, J. Pippins ; pról. de J. Rivero. 
264 4 |a Milwaukee, EUA :  |b Applause Theatre and Cinema Books,  |c 2018, c2018 
300 |a XIX, 284 p. 
336 |a texto  |b txt  |2 rdacontenido 
337 |a sin mediación  |b n  |2 rdamedio 
338 |a volumen  |b nc  |2 rdasoporte 
586 |a Premio Nobel de Literatura 1962: Biografías, crítica e interpretación 
586 |a Premio Nacional de Ciencias y Artes, categoría Bellas Artes (22°: 1971): Biografías, crítica e interpretación 
649 |a XX 
650 |a Cineastas Norteamericanos 
650 |a Cineastas Mexicanos 
650 |a Fotógrafos Norteamericanos 
650 |a Fotógrafos Mexicanos 
650 |a Guionistas Norteamericanos 
650 |a Actores Norteamericanos 
650 |a Revolucionarios Mexicanos 
650 |a Revolucionarios en el Cine -  |x Historia y Crítica 
650 |a Westerns -  |z EUA -  |x Historia y Crítica 
650 |a Durango en el Cine -  |x Historia y Crítica 
650 |a México en el Cine -  |x Filmografías -  |x Tema Principal 
650 |a México en el Cine -  |x Historia y Crítica -  |x Tema Principal 
650 |a Cine Norteamericano -  |x Historia y Crítica -  |x Tema Principal 
650 |a Cine Norteamericano -  |y Siglo XX 
650 |a Cine Norteamericano -  |y Siglo XXI 
650 |a Comunicación y Política -  |z EUA -  |x Historia -  |y 1945-1953 
650 |a Macartismo -  |x Historia 
650 |a Anticomunismo -  |z EUA -  |x Historia -  |y 1945-1953 
650 |a Relaciones Interculturales -  |z México-EUA -  |x Historia -  |y Siglo XX 
650 |a Relaciones Interculturales -  |z México-EUA -  |x Historia -  |y Siglo XXI 
650 |a Fernández, Emilio 
650 |a Figueroa, Gabriel 
650 |a Ford, John 
650 |a Huston, John 
650 |a Peckinpah, Sam 
650 |a Steinbeck, John 
650 |a Toland, Gregg 
650 |a Trumbo, Dalton 
650 |a Wayne, John 
600 |a Villa, Pancho 
700 |a Thompson, Frank  |e (edición) 
700 |a Pippins, Jan  |e (edición) 
700 |a Rivero, Jorge  |e (prólogo) 
910 |a Fondo General 
920 |a Impresos - Libros 
930 |a Colección General 
905 |a 101 
901 |a 0500328194  |b IT1  |c ACC  |i C171291  |u 20250521 
902 |a https://opac.biblio.iteso.mx/vufind/Record/000420234